000 00934nam a22002177a 4500
999 _c63596
_d63596
003 Ge_BSU
005 20251112145513.0
008 251112s1995 ge ||||| |||| 00| 0 geo d
020 _a5511006572
041 _ageo
080 _a339 ყ-69
100 _aყორღანაშვილი, ლარისა
_914273
245 _aვაჭრობის ეკონომიკა /
_cლარისაყორღანაშვილი; [რედ.: ლეო ჩიქავა].
264 _aთბ. :
_bთბილ. უნ-ტის გამ-ბა,
_c1995.
300 _a164 გვ. ;
_b20 სმ.
504 _aბიბლიოგრ.: გვ. 159.
653 _aვაჭრობის ეკონომიკა
653 _aბაზრის არსი, სტრუქტურა
700 _aჩიქავა, ლეო
_eრედაქტორი
_926202
942 _2udc
_cᲬᲘᲒᲜᲘ